000 00505nam a22001817a 4500
999 _c66783
_d66780
082 _aR/2CS17
100 _aFaria Naz
100 _aRoll No. 17CS14
100 _aSupervisor - Dr. Imtiaz Ali Halepoto
245 _aSmart Mirror Using IoT.
260 _aNawabshah
_bQUEST
_c2020
300 _a24p
700 _aArahma Ansari (Roll No. 17CS17)
700 _aAmjad Hussain (Roll No. 17CS09)
700 _aShah Nawaz (Roll No. 17CS18)
700 _aMuhammad Sheeraz (Roll No. 17CS05)
942 _cTHESIS